[Event "RUS-chB U16"]
[Site "Dagomys"]
[Date "2009.04.17"]
[Round "3"]
[White "Palachev, Petr"]
[Black "Mkhitarian, Artur"]
[Result "1-0"]
[WhiteElo "2094"]
[BlackElo "1970"]
[PlyCount "49"]
[EventDate "2009.04.15"]
[EventType "swiss"]
[EventRounds "9"]
[EventCountry "RUS"]
[SourceTitle "EXT 2010"]
[Source "ChessBase"]
[SourceDate "2010.11.25"]
[SourceVersion "1"]
[SourceVersionDate "2010.11.25"]
[SourceQuality "1"]

1. d4 Nf6 2. Nf3 d5 3. e3 c5 4. c3 Nc6 5. Bd3 g6 6. Nbd2 Bg7 7. 0-0 0-0 8. Qe2 Re8 9. dxc5 Nd7 10. Nb3 a5 11. e4 dxe4 12. Bxe4 a4 13. Nbd4 Nxd4 14. cxd4 e5 15. dxe5 Nxe5 16. Be3 Ng4 17. Rad1 Qe7 18. Bd5 Bh6 19. Qb5 Bxe3 20. fxe3 Nxe3 21. Rfe1 Bg4 22. Rd3 Bd7 23. Bxf7+ Qxf7 24. Rxd7 Re7 25. Ne5 1-0

[Event "PriFR-ch U16"]
[Site "Gorodets"]
[Date "2007.11.??"]
[Round "5"]
[White "Mkhitarian, Artur"]
[Black "Matinian, Nikita"]
[Result "0-1"]
[WhiteElo "1850"]
[BlackElo "2262"]
[PlyCount "58"]
[EventDate "2007.11.02"]
[EventType "swiss"]
[EventRounds "9"]
[EventCountry "RUS"]
[SourceTitle "EXT 2022"]
[Source "ChessBase"]
[SourceDate "2021.10.06"]
[SourceVersion "1"]
[SourceVersionDate "2021.10.06"]
[SourceQuality "1"]

1. d4 d5 2. c4 e6 3. Nc3 c5 4. e3 Nf6 5. Nf3 Nc6 6. Be2 dxc4 7. Bxc4 a6 8. 0-0 b5 9. Bd3 Bb7 10. Re1 Be7 11. Ne4 Nb4 12. Nxf6+ Bxf6 13. Be2 cxd4 14. Nxd4 Bxd4 15. exd4 Rc8 16. Bd3 Nxd3 17. Qxd3 Qd5 18. f3 0-0 19. b3 Rfd8 20. Bb2 Qg5 21. Rac1 h6 22. Rxc8 Rxc8 23. Re5 Qd8 24. Re1 Qa5 25. Ra1 Bd5 26. a3 Rc6 27. b4 Qc7 28. Rd1 Rc2 29. Rd2 Rxb2 0-1

[Event "PriFR-ch U16"]
[Site "Gorodets"]
[Date "2007.11.??"]
[Round "3"]
[White "Mkhitarian, Artur"]
[Black "Tyapkin, Vladimir"]
[Result "1-0"]
[WhiteElo "1850"]
[BlackElo "2094"]
[PlyCount "59"]
[EventDate "2007.11.02"]
[EventType "swiss"]
[EventRounds "9"]
[EventCountry "RUS"]
[SourceTitle "EXT 2022"]
[Source "ChessBase"]
[SourceDate "2021.10.06"]
[SourceVersion "1"]
[SourceVersionDate "2021.10.06"]
[SourceQuality "1"]

1. d4 d5 2. c4 c6 3. Nc3 Nf6 4. e3 a6 5. Bd3 b5 6. cxd5 cxd5 7. Nge2 e6 8. 0-0 Bb7 9. Ng3 Be7 10. Bd2 0-0 11. Rc1 Nc6 12. Nh5 e5 13. Bb1 Nxh5 14. Qxh5 g6 15. Qf3 e4 16. Qd1 f5 17. f3 Bd6 18. Be1 Bc7 19. fxe4 dxe4 20. Qb3+ Kg7 21. Nd5 Bd6 22. Nf4 Bxf4 23. Rxf4 g5 24. Rf1 Ne7 25. Bb4 Rf7 26. Bxe7 Qxe7 27. Rc5 Raf8 28. a3 Qd8 29. Ba2 Rf6 30. Qc3 1-0

[Event "PriFR-ch U16"]
[Site "Gorodets"]
[Date "2007.11.??"]
[Round "9"]
[White "Paley, Alexander"]
[Black "Mkhitarian, Artur"]
[Result "0-1"]
[WhiteElo "1986"]
[BlackElo "1850"]
[PlyCount "60"]
[EventDate "2007.11.02"]
[EventType "swiss"]
[EventRounds "9"]
[EventCountry "RUS"]
[SourceTitle "EXT 2022"]
[Source "ChessBase"]
[SourceDate "2021.10.06"]
[SourceVersion "1"]
[SourceVersionDate "2021.10.06"]
[SourceQuality "1"]

1. e4 c5 2. Nf3 g6 3. c3 d5 4. e5 Nc6 5. Bb5 Bg7 6. 0-0 Qc7 7. d4 Bg4 8. h3 Bf5 9. c4 e6 10. cxd5 exd5 11. Nc3 Nge7 12. Bg5 0-0 13. Bf6 Be4 14. Nxe4 dxe4 15. d5 exf3 16. d6 Qb6 17. dxe7 fxg2 18. exf8Q+ Rxf8 19. Re1 Qxb5 20. Qb3 Qa6 21. Bxg7 Kxg7 22. Qc3 Nd4 23. Kxg2 Qc6+ 24. f3 f6 25. Re3 fxe5 26. Rf1 Qd5 27. b3 Qd6 28. Rc1 b6 29. b4 Qf6 30. Rg1 Qg5+ 0-1